000 00362nam a2200145Ia 4500
003 OSt
005 20240311123808.0
008 170523s9999 xx 000 0 und d
020 _a9788177581232
040 _cIIMT UNIVESITY MEERUT
100 _aRao- C.L.
245 0 _aEngineering Mechanics : Statics & Dynamics
260 _aNew Delhi : PHI
942 _2ddc
_c02
999 _c11719
_d11719